<?xml version="1.0" encoding="UTF-8"?>
<record
    xmlns:xsi="http://www.w3.org/2001/XMLSchema-instance"
    xsi:schemaLocation="http://www.loc.gov/MARC21/slim http://www.loc.gov/standards/marcxml/schema/MARC21slim.xsd"
    xmlns="http://www.loc.gov/MARC21/slim">

  <leader>01740nam a2200313 a 4500</leader>
  <controlfield tag="001">000005554</controlfield>
  <controlfield tag="005">20200929151718.0</controlfield>
  <controlfield tag="008">090820t1984    sp ad         001 0 spa d</controlfield>
  <datafield tag="020" ind1=" " ind2=" ">
    <subfield code="a">8400057090</subfield>
  </datafield>
  <datafield tag="040" ind1=" " ind2=" ">
    <subfield code="a">DO-SdBNP</subfield>
  </datafield>
  <datafield tag="082" ind1=" " ind2=" ">
    <subfield code="a">972.2046</subfield>
    <subfield code="b">M385h</subfield>
  </datafield>
  <datafield tag="100" ind1="1" ind2=" ">
    <subfield code="a">Mart&#xED;nez Mill&#xE1;n, Jos&#xE9;</subfield>
    <subfield code="9">15685</subfield>
  </datafield>
  <datafield tag="245" ind1="1" ind2="3">
    <subfield code="a">La hacienda de la inquisici&#xF3;n :</subfield>
    <subfield code="b">(1478-1700) /</subfield>
    <subfield code="c">Jos&#xE9; Mart&#xED;nez Mill&#xE1;n ; pr&#xF3;logo J. P&#xE9;rez Villanueva.</subfield>
  </datafield>
  <datafield tag="260" ind1=" " ind2=" ">
    <subfield code="a">Madrid, :</subfield>
    <subfield code="b">Consejo Superior de Investigaciones Cient&#xED;ficas,</subfield>
    <subfield code="c">1984.</subfield>
  </datafield>
  <datafield tag="300" ind1=" " ind2=" ">
    <subfield code="a">404 p. :</subfield>
    <subfield code="b">il., tablas.</subfield>
  </datafield>
  <datafield tag="490" ind1="1" ind2=" ">
    <subfield code="a">Monograf&#xED;as de Historia Eclesi&#xE1;stica</subfield>
    <subfield code="v">14</subfield>
  </datafield>
  <datafield tag="504" ind1=" " ind2=" ">
    <subfield code="a">Incluye bibliograf&#xED;a y notas al pie de p&#xE1;ginas.</subfield>
  </datafield>
  <datafield tag="504" ind1=" " ind2=" ">
    <subfield code="a">Bibliograf&#xED;a : p.385-398.</subfield>
  </datafield>
  <datafield tag="505" ind1="0" ind2=" ">
    <subfield code="g">Pr&#xF3;logo /</subfield>
    <subfield code="r">Joaqu&#xED;n P&#xE9;rez Villanueva --</subfield>
    <subfield code="t">Introducci&#xF3;n --</subfield>
    <subfield code="t">La evoluci&#xF3;n de la instituci&#xF3;n inquisitorial (1478-1700) --</subfield>
    <subfield code="g">Las fuentes de ingresos inquisitoriales :</subfield>
    <subfield code="t">Las confiscaciones --</subfield>
    <subfield code="t">Juros y censos --</subfield>
    <subfield code="t">Las canonjias --</subfield>
    <subfield code="t">Depositaria de pretendientes --</subfield>
    <subfield code="t">Otros ingresos inquisitoriales --</subfield>
    <subfield code="t">Privilegios y franquisias de los oficiales inquisitoriales --</subfield>
    <subfield code="g">Los gastos de la burocracia inquisitorial :</subfield>
    <subfield code="t">Oficios y salarios --</subfield>
    <subfield code="t">Gastos ordinarios y extraordinarios --</subfield>
    <subfield code="g">Ap&#xE9;ndices --</subfield>
    <subfield code="g">Documentaci&#xF3;n --</subfield>
    <subfield code="g">Indices de nombres y materias.</subfield>
  </datafield>
  <datafield tag="650" ind1=" " ind2="4">
    <subfield code="a">Inquisici&#xF3;n</subfield>
    <subfield code="y">ESPA&#xD1;A</subfield>
    <subfield code="x">Historia</subfield>
    <subfield code="9">15686</subfield>
  </datafield>
  <datafield tag="650" ind1=" " ind2="4">
    <subfield code="a">Inquisici&#xF3;n</subfield>
    <subfield code="x">Aspectos econ&#xF3;micos</subfield>
    <subfield code="y">ESPA&#xD1;A</subfield>
    <subfield code="9">15687</subfield>
  </datafield>
  <datafield tag="650" ind1=" " ind2="4">
    <subfield code="a">Persecuciones religiosas</subfield>
    <subfield code="y">ESPA&#xD1;A</subfield>
    <subfield code="9">15688</subfield>
  </datafield>
  <datafield tag="650" ind1=" " ind2="4">
    <subfield code="a">Iglesia cat&#xF3;lica</subfield>
    <subfield code="y">ESPA&#xD1;A</subfield>
    <subfield code="x">Historia</subfield>
    <subfield code="9">15689</subfield>
  </datafield>
  <datafield tag="651" ind1=" " ind2="4">
    <subfield code="a">Espa&#xF1;a</subfield>
    <subfield code="x">Historia Eclesi&#xE1;stica</subfield>
    <subfield code="9">15690</subfield>
  </datafield>
  <datafield tag="700" ind1="1" ind2=" ">
    <subfield code="a">P&#xE9;rez Villanueva, Joaqu&#xED;n,</subfield>
    <subfield code="e">pr&#xF3;l.</subfield>
    <subfield code="9">15691</subfield>
  </datafield>
  <datafield tag="830" ind1=" " ind2="0">
    <subfield code="a">Monograf&#xED;as de historia eclesi&#xE1;stica</subfield>
    <subfield code="v">14</subfield>
    <subfield code="9">15692</subfield>
  </datafield>
  <datafield tag="910" ind1=" " ind2=" ">
    <subfield code="a">Validado. Control de calidad EMS.</subfield>
  </datafield>
  <datafield tag="049" ind1=" " ind2=" ">
    <subfield code="a">BNPD</subfield>
  </datafield>
  <datafield tag="952" ind1=" " ind2=" ">
    <subfield code="0">0</subfield>
    <subfield code="1">0</subfield>
    <subfield code="5">0</subfield>
    <subfield code="7">1</subfield>
    <subfield code="8">MO</subfield>
    <subfield code="a">GR</subfield>
    <subfield code="b">GR</subfield>
    <subfield code="c">HD</subfield>
    <subfield code="d">2009-08-20</subfield>
    <subfield code="i">LF1</subfield>
    <subfield code="l">0</subfield>
    <subfield code="o">972.2046 M385h</subfield>
    <subfield code="p">5554-10</subfield>
    <subfield code="r">2020-06-25</subfield>
    <subfield code="w">2020-06-25</subfield>
    <subfield code="y">1</subfield>
    <subfield code="Z">No se presta</subfield>
  </datafield>
  <datafield tag="999" ind1=" " ind2=" ">
    <subfield code="c">5353</subfield>
    <subfield code="d">5353</subfield>
  </datafield>
</record>
